00579nam a2200181Ia 450000500170000000800410001704000190005804100120007708200130008924501210010225000240022326000580024730000170030550400190032265000240034170000220036585000100038720140709112952.0131103s9999 xx 000 0 und d aLoreto College aEnglish a373bMAC aInstruction in Indian secondary schoolsb a book on school management and methods of teaching cEdited by E.A.Macnee a2nd. ed.rev. & enl. a[s.l.]bOxford University Pressc1931 (1958 printing) aviii,292 p.  aIncludes index aSecondary Education aMacnee, E.A.4ed. aLCLIB